000 01059cam a22003014a 4500
001 13040769
005 20040521164326.0
008 021223s2004 mau b 001 0 eng
010 _a 2002156496
020 _a0631231056 (hb)
020 _a0631231064 (pbk.)
040 _aDLC
_cDLC
_dDLC
042 _apcc
050 0 0 _aJC311
_b.P87 2004
082 0 0 _221
_a320.54
_bPUR
100 1 _aPuri, Jyoti.
_913469
245 1 0 _aEncountering Nationalism /
_cJyoti Puri.
260 _aMalden, MA :
_bBlackwell,
_cc2004.
300 _a248 p. ;
_c24 cm.
490 0 _a21st-century sociology ;
_v6
504 _aIncludes bibliographical references and index.
650 0 _aNationalism.
_913470
650 0 _aNationalism
_xSocial aspects.
_913471
650 0 _aNational characteristics.
_913472
942 _2ddc
_cBB
999 _c13878
_d13878